|
|
|
|
| LEADER |
00000nab a2200000 a 4500 |
| 001 |
vtls008415263 |
| 003 |
SK-MaSNL |
| 005 |
20260304171909.0 |
| 008 |
250505c2005 xo 0 slo |
| 015 |
|
|
|a SNBCL2005/5
|
| 035 |
|
|
|a SLK033222
|
| 035 |
|
|
|a urn:nbn:sk:snk-ab1p8j
|
| 035 |
|
|
|a (urnnbn)urn:nbn:sk:snk:ar-004udr
|
| 035 |
|
|
|a (uuid)486fa20e-c02c-4cca-a399-7efa5b33de88
|
| 040 |
|
|
|a SNKBUCL
|b slo
|c SNKBUCL
|e AACR2
|
| 041 |
0 |
|
|a slo
|
| 044 |
|
|
|a xo
|c SK
|
| 080 |
|
|
|a 616-036.81-06:612.352.122
|2 1981
|
| 100 |
1 |
|
|a Loučka, Bohumil
|4 upr
|9 1309421
|
| 245 |
1 |
0 |
|a Glykémia kriticky chorých pacientov
|c B. Loučka
|
| 500 |
|
|
|a Diabetes Forum, 4, 2003, s. 34-36
|
| 650 |
0 |
7 |
|a intenzívna starostlivosť
|2 MESH
|9 66540
|
| 650 |
0 |
7 |
|a stav kritický
|2 MESH
|9 880955
|
| 650 |
0 |
7 |
|a hyperglykémia
|2 MESH
|9 20349
|
| 650 |
0 |
7 |
|a glukóza krvná
|2 MESH
|9 675466
|
| 650 |
0 |
7 |
|a úmrtnosť
|2 MESH
|9 4663
|
| 650 |
0 |
7 |
|a prežívanie
|2 MESH
|9 448523
|
| 650 |
0 |
7 |
|a abstrakty
|2 MESH
|9 90504
|
| 773 |
0 |
|
|t Farmaceutický obzor
|g Roč. 74, č. 2-3 (2005), s. 46
|x 0014-8172
|
| 850 |
|
|
|a Slovenská národná knižnica
|
| 852 |
|
|
|a Slovenská národná knižnica
|
| 954 |
|
|
|a odborná, vedecká literatúra pôvodná (slovenská)
|2 lita
|
| 958 |
|
|
|a article27
|
| 958 |
|
|
|a OND
|
| 958 |
|
|
|a EUIPO
|
| 999 |
|
|
|c 2995466
|d 2997396
|